000 00190 a2200097 4500
001 4868
100 _aB;urgess,E
245 _aGuide Weapons
260 _a
_bchapman
_c
090 _c4059
_d4059
942 _aNUST-CAE
_cM
_c30333
999 _c239941
_d239941